Eugenia : esbozo novelesco de costumbres futuras /

Αποθηκεύτηκε σε:
Λεπτομέρειες βιβλιογραφικής εγγραφής
Κύριος συγγραφέας: Urzaiz, Eduardo (autor)
Άλλοι συγγραφείς: Menéndez Díaz, Conrado (prólogo) (prólogo), Peniche Vallado, Leopoldo (prólogo) (prólogo)
Μορφή: Βιβλίο
Γλώσσα:Ισπανικά
Έκδοση: Mérida, México : Universidad Autónoma de Yucatán, 2002, c1974
Θέματα:
Ετικέτες: Προσθήκη ετικέτας
Δεν υπάρχουν, Καταχωρήστε ετικέτα πρώτοι!

MARC

LEADER 00000nam^a2200000^a^4500
001 000183822
005 20250521000000.0
009 20260310102054.728
020 |a 970-968-025-3 
037 |a Acervo ITESO - Biblioteca 
041 |a ESP 
082 |a 863.  |b URZ 
100 |a Urzaiz, Eduardo  |e (autor) 
245 1 0 |a Eugenia :  |b esbozo novelesco de costumbres futuras /  |c E. Urzaiz ; presen. de José Luis Domínguez Castro ; pról. de C. Menéndez Díaz, L. Peniche Vallado. 
264 4 |a Mérida, México :  |b Universidad Autónoma de Yucatán,  |c 2002, c1974 
300 |a 165 p. 
336 |a texto  |b txt  |2 rdacontenido 
337 |a sin mediación  |b n  |2 rdamedio 
338 |a volumen  |b nc  |2 rdasoporte 
649 |a XX 
650 |a Novela Mexicana 
650 |a Novela Mexicana -  |x Historia y Crítica 
650 |a Ciencia-Ficción -  |z México 
650 |a Literatura Mexicana -  |y Siglo XX 
650 |a Literatura Mexicana -  |x Historia y Crítica 
700 |a Menéndez Díaz, Conrado  |e (prólogo) 
700 |a Peniche Vallado, Leopoldo  |e (prólogo) 
910 |a Fondo General 
920 |a Impresos - Libros 
930 |a Colección General 
940 |a Literatura 
905 |a 101 
901 |a 0500124570  |b IT1  |c LIT  |u 20250521 
902 |a https://opac.biblio.iteso.mx/vufind/Record/000183822